000
00291nam a2200121Ia 4500
100
_a
Newman/W.M/ Sproull/R.F.
942
_c
BK
654
_a
Principles
245
_a
Principles Of Interactive Computer Graphics
260
_b
McGraw Hill
_a
Auckland
_c
1979
300
_a
541
546
_a
ENGLISH
999
_c
33765
_d
33765